UC Sampdoria Squad 2018-2019 - Statistics

General Stats
  • This quiz has been taken 9 times
  • The average score is 13 of 29
Answer Stats
# Position Nation Player % Correct
27 FW Italy Fabio Quagliarella
86%
6 MF Sweden Albin Ekdal
71%
10 MF Belgium Dennis Praet
71%
8 MF Paraguay Édgar Barreto
71%
1 GK Italy Emil Audero
71%
14 MF Czech Republic Jakub Jankto
71%
3 DF Denmark Joachim Andersen
71%
16 MF Poland Karol Linetty
71%
15 DF Gambia Omar Colley
71%
4 MF England Ronaldo Vieira
71%
11 MF Uruguay Gastón Ramírez
57%
92 FW France Grégoire Defrel
57%
7 DF Italy Jacopo Sala
57%
23 FW Italy Manolo Gabbiadini
57%
72 GK Slovenia Vid Belec
57%
25 DF Italy Alex Ferrari
43%
24 DF Poland Bartosz Bereszyński
43%
- Coach Italy Marco Giampaolo
43%
29 DF Italy Nicola Murru
43%
99 FW Poland Dawid Kownacki
29%
17 FW Italy Gianluca Caprari
29%
33 GK Brazil Rafael
29%
19 DF Italy Vasco Regini
29%
95 MF Italy Gabriele Rolando
14%
22 DF Brazil Júnior Tavares
14%
26 DF Italy Lorenzo Tonelli
14%
20 FW Italy Marco Sau
0%
18 DF France Maxime Leverbe
0%
5 MF Italy Riccardo Saponara
0%
No matching quizzes found
Score Distribution
Percent of People with Each Score
Percentile by Number Answered
Your Score History
You have not taken this quiz